Disney & Pixar by Mug Quiz Stats

 Plays Quiz Updated Aug 19, 2017

Also try: Holidays by Mug
Challenge
Share
Tweet
Score 0/20 Timer 04:00
17 Plays Today
% Correct
Bambi
99.1%
Finding Nemo
97.2%
Monsters, Inc.
96.8%
Beauty and the Beast
96.6%
Toy Story
95.8%
Frozen
95.5%
The Little Mermaid
95.5%
The Incredibles
95.4%
The Lion King
95.4%
Aladdin
94.3%
% Correct
Lady and the Tramp
93.1%
Lilo & Stitch
92.8%
Alice in Wonderland
91.1%
WALL-E
90.2%
Snow White and the Seven Dwarfs
88.2%
The Aristocats
87.3%
Wreck-It Ralph
86.9%
Big Hero 6
80.8%
Fantasia
79.8%
Mulan
75.6%

You're not logged in!

Compare scores with friends on all Sporcle quizzes.
Join for Free
OR
Log In

Show Comments

Extras

Top Quizzes Today


Score Distribution

Your Account Isn't Verified!

In order to create a playlist on Sporcle, you need to verify the email address you used during registration. Go to your Sporcle Settings to finish the process.

Report this User

Report this user for behavior that violates our Community Guidelines.

Details: